Statistics for United States Map Without 20 Random States

Click here to take the quiz!

General Stats

  • This quiz has been taken 148 times
  • The average score is 20 of 20

Answers on the Map

Answers color-coded by a green-red scale on the quiz's map according to % correct below.
 

Answer Stats

Answer% Correct
Alabama
100%
Alaska
100%
Arizona
100%
Arkansas
100%
California
100%
Colorado
100%
Florida
100%
Georgia
100%
Hawaii
100%
Idaho
100%
Illinois
100%
Indiana
100%
Kansas
100%
Kentucky
100%
Louisiana
100%
Maine
100%
Maryland
100%
Michigan
100%
Minnesota
100%
Mississippi
100%
Missouri
100%
Montana
100%
Nebraska
100%
Nevada
100%
New Hampshire
100%
New Jersey
100%
New Mexico
100%
New York
100%
North Carolina
100%
North Dakota
100%
Ohio
100%
Oklahoma
100%
Pennsylvania
100%
South Carolina
100%
South Dakota
100%
Texas
100%
Utah
100%
Vermont
100%
Virginia
100%
Washington
100%
West Virginia
100%
Wisconsin
100%
Wyoming
100%
Oregon
94%
Delaware
92%
Iowa
92%
Rhode Island
92%
Tennessee
92%
Connecticut
90%
Massachusetts
89%

Score Distribution

Percentile by Number Answered

Percent of People with Each Score

Your Score History

You have not taken this quiz